Estudios de derecho romano en honor de Alvaro d'Ors
Sparad:
| Materialtyp: | Bok |
|---|---|
| Språk: | spanska |
| Publicerad: |
Pamplona
Universidad de Navarra
1987
|
| Ämnen: | |
| Taggar: |
Lägg till en tagg
Inga taggar, Lägg till första taggen!
|
MARC
| LEADER | 00000nam a2200000 a 4500 | ||
|---|---|---|---|
| 001 | UCV3355 | ||
| 003 | CL-VaPUC | ||
| 005 | 20221114102349.0 | ||
| 008 | 930601e19870000SP |||||||||||||||||spa|d | ||
| 999 | |c 210595 |d 210593 | ||
| 040 | |c Pontificia Universidad Católica de Valparaíso | ||
| 082 | 0 | 4 | |a 340.54 |b EST |2 21 |
| 245 | 1 | 0 | |a Estudios de derecho romano en honor de Alvaro d'Ors |
| 260 | |a Pamplona |b Universidad de Navarra |c 1987 | ||
| 300 | |a 2 v | ||
| 583 | |a last modification |c 19930601 00:00:00 |k Rodrigo Vera | ||
| 600 | |a Ors, Álvaro d', |d 1915-2004 |x Homenajes |9 878383 | ||
| 650 | 0 | |a Derecho romano |9 255930 | |
| 942 | |c BK |2 ddc | ||
| 945 | |d 19930601 00:00:00 | ||
| 952 | |0 0 |1 0 |4 0 |6 340_540000000000000_EST_1987 |7 0 |8 DER_ROM |9 186949 |a BIBDER |b BIBDER |d 2019-11-14 |h v.1 |i 254606K |o 340.54 EST 1987 |p 254606K |r 2023-01-25 |w 2019-11-14 |x Ubicación 4to piso |y BK |z Este recurso debe solicitarse con anticipación |k DER | ||
| 952 | |0 0 |1 0 |4 0 |6 340_540000000000000_EST_1987 |7 0 |8 DER_ROM |9 186950 |a BIBDER |b BIBDER |d 2019-11-14 |h v.2 |i 2546078 |o 340.54 EST 1987 |p 2546078 |r 2023-01-25 |w 2019-11-14 |x Ubicación 4to piso |y BK |z Este recurso debe solicitarse con anticipación |k DER | ||